000 00167nam a2200073Ia 4500
008 170617s9999 xx 000 0 und d
100 _aTrease & Evans
245 0 _aPharmacognosy
260 _bLippencott
999 _c15035
_d15035